Marcal Tennis Center Business Plan

Bibliographic Details
Main Author: Csordás Gabriella
Other Authors: Debreceni János
Format: Thesis
Kulcsszavak:business plan
Győr
Marcal Teniszcentrum
Online Access:http://dolgozattar.uni-bge.hu/15027

MARC

LEADER 00000nta a2200000 i 4500
001 dolg15027
005 20190416141026.0
008 180426suuuu hu om 000 eng d
040 |a BGE Dolgozattár Repozitórium  |b hun 
041 |a en 
100 1 |a Csordás Gabriella 
245 1 0 |a Marcal Tennis Center Business Plan  |c Csordás Gabriella  |h [elektronikus dokumentum] 
246 1 1 |a A Marcal Teniszcentrum üzleti terve 
695 |a business plan 
695 |a Győr 
695 |a Marcal Teniszcentrum 
700 1 |a Debreceni János  |e ths 
856 4 0 |u http://dolgozattar.uni-bge.hu/15027/1/dissertation%20final..pdf  |z Dokumentum-elérés